Consumer Protection Law Manual With Practice Manual (Record no. 620282)

MARC details
000 -LEADER
fixed length control field 00501nam a22001697a 4500
008 - FIXED-LENGTH DATA ELEMENTS--GENERAL INFORMATION
fixed length control field 260428b |||||||| |||| 00| 0 eng d
020 ## - INTERNATIONAL STANDARD BOOK NUMBER
ISBN 9788184780987
Paper back/Hardbound pbk
041 ## - LANGUAGE CODE
Language code of text/sound track or separate title eng
082 ## - DEWEY DECIMAL CLASSIFICATION NUMBER
Classification number 343.54071 TAX
100 ## - MAIN ENTRY--AUTHOR NAME
Personal name Taxmann's
245 ## - TITLE STATEMENT
Title Consumer Protection Law Manual With Practice Manual
Statement of responsibility, etc Taxmann's
260 ## - PUBLICATION, DISTRIBUTION, ETC. (IMPRINT)
Place of publication New Delhi
Name of publisher Taxmann Allied Services LTD
Year of publication 2008
300 ## - PHYSICAL DESCRIPTION
Number of Pages 3.269p. :
Dimensions 20cm.
650 ## - SUBJECT ADDED ENTRY--TOPICAL TERM
Topical Term Military, tax, trade & industrial law
942 ## - ADDED ENTRY ELEMENTS (KOHA)
Koha item type English Books
Holdings
Withdrawn status Lost status Damaged status Not for loan Home library Current library Shelving location Date acquired Full call number Accession Number Price effective from Koha item type
        Anna Centenary Library Anna Centenary Library 4TH FLOOR, A WING 05.08.2010 343.54071 TAX 093468 28.04.2026 English Books

Find us on the map